02453nam a2200265 i 4500003000500000005001700005008004100022022001400063040002500077245005500102264007900157300004100236336002100277337002500298338002300323362002400346490007800370504004000448505077300488505077801261650002902039650004402068700004302112700003202155CSPC20260216145636.0260216c2021 ph ar i 00 0 eng d a0016-4139 aCSPCbengcCSPCerda00aBU r&d journal : bCHED - JIP recognized journal.  1aLegazpi City : bBicol University Research and Development Center, c2021. avolumes : billustrations ; c27 cm. 2rdacontentatext 2rdamediaaunmediated 2rdacarrieravolume aVolume 24, Number 30 aOfficial refereed journal of Bicol University Legazpi City, Philippines.  aInclude bibliographical references 0 aEffectiveness of the environmental education program in enhancing awareness, comprehension, and competence of the middle-school children of Bicol University -- Perceptions of fishermen households on a community-based coastal resource management area: the case of acid gulf, Masbate, Philippines -- Common signs and symptoms of non-communicable diseases experienced and diagnosed among Bicol University teaching personnel -- Difficulties in learning Japanese as a foreign language: the case of Filipino learners -- Educational outcomes from learning physics through guided inquiry -- Framework on international student mobility for higher education institutions -- Effects of teaching through problem-solving (TtPS) on students' metacognition and academic performance.0 aIntegrating environmental education in the English education -- Effectiveness of the environmental education in enhancing preparedness of the vulnerable population in an Urban community in the Eastern Philippines -- Environmental education program: Enhancing teachers educators' environmental awareness and understanding -- Environmental education of grade 4 pupils in Bicol University integrated laboratory school -- Assessment of environmental education materials for specialization courses in the teacher education curriculum -- Mainstreaming of environmental education in the professional education courses -- Assessment of environmental education materials for professional education courses in the teacher education curriculum. BU R&D journal guidelines for authors.  aResearch vPeriodicals.  aUniversities and collegevPeriodicals.  1aGuerrero, Jonathan Jaime G.,eeditor.  1aNaz, Gremil Alessandro A.,